Health care and human values /

Discusses such topics as rationing medical care, health care options, greed and the pharmaceutical industry, and more.

Na minha lista:
Detalhes bibliográficos
Outros Autores: McCuen, Gary E.
Formato: Livro
Idioma:English
Publicado em: Hudson, Wis. : G.E. McCuen Publications, c1993.
Colecção:Ideas in conflict series
Assuntos:
LEADER 02002cam a2200481 a 4500
001 c000402259
003 CARM
005 20190306133319.0
008 190306s1993 wiua 000 0 eng d
010 |a 93219672 
016 7 |a 9312442  |2 DNLM 
019 1 |a 9983121  |z 25053390  |5 LACONCORD2021 
020 |a 0865960887 
035 |a (OCoLC)28510836  |5 LACONCORD2021 
040 |a 2907  |b eng  |c 2907  |d XSC 
042 |a lccopycat 
043 |a n-us--- 
050 0 0 |a RA395.A3  |b H3915 1993 
060 0 0 |a W 84 AA1  |b H3747 1993 
082 0 4 |a 174.2  |2 20 
245 0 0 |a Health care and human values /  |c [editor] Gary E. McCuen. 
260 |a Hudson, Wis. :  |b G.E. McCuen Publications,  |c c1993. 
300 |a 180 p. :  |b ill. ;  |c 23 cm. 
490 1 |a Ideas in conflict series 
504 |a Bibliography : p. 176-179. 
505 2 |a Health care overview -- Medical care and social justice -- Health care options: ideas in conflict -- Rationing health care & the Oregon Experiment -- Global health care perspectives -- Reasoning skill development. 
520 |a Discusses such topics as rationing medical care, health care options, greed and the pharmaceutical industry, and more. 
650 0 |a National health services  |z United States. 
650 0 |a Medical policy  |z United States. 
650 0 |a Health care reform  |z United States. 
650 0 |a Medical economics  |z United States. 
650 0 |a Health insurance  |z United States. 
650 0 |a Medical care. 
650 0 |a Medical ethics. 
650 0 |a National health services. 
700 1 |a McCuen, Gary E. 
852 8 |b CARM  |i C13722  |p 0652278  |f BK 
852 8 |b SCAN  |h A3:AH13G0  |i C13722  |p 0652278  |f BK 
852 8 |b SCAN  |h A3:AH13G0  |i C13722  |p 0652278  |f BK 
830 0 |a Ideas in conflict series 
999 f f |i 9103fd16-5c57-5511-9c5f-50edaf928789  |s 53c3fda2-9c3d-5958-b1e6-e149429f042b 
952 f f |p Can circulate  |a CAVAL  |b CAVAL  |c CAVAL  |d CARM 1 Store  |e C13722  |h Other scheme  |i book  |m 0652278 
952 f f |a CAVAL  |b CAVAL  |c CAVAL  |d Unmapped Location  |e C13722  |f A3:AH13G0  |h Other scheme